| 000 | 01587nmc a2200589 a 4500 | ||
|---|---|---|---|
| 003 | AR-BaBNM | ||
| 005 | 20251128204656.0 | ||
| 008 | 126119s1988 ||||||||||||||000 | spa|| | ||
| 040 | _cAR-BaBNM | ||
| 245 | 1 | 0 |
_aRazón ardiente _bPoesía francesa de Apollinaire a nuestros días |
| 260 |
_aLima _bColmillo Blanco _c1988 |
||
| 300 | 0 | _a245 p. | |
| 490 | 0 | _aUnión libre | |
| 500 | 0 | _aContiene referencias bibliográficas en p. 243 | |
| 600 | 1 | 4 | _aApollinaire, Guillaume |
| 600 | 1 | 4 | _aSupervielle, Jules |
| 600 | 1 | 4 | _aCendrars, Blaise |
| 600 | 0 | 4 | _aSaint-John Perse |
| 600 | 1 | 4 | _aJouve, Pierre Jean |
| 600 | 1 | 4 | _aReverdy, Pierre |
| 600 | 1 | 4 | _aEluard, Paul |
| 600 | 1 | 4 | _aTzara, Tristán |
| 600 | 1 | 4 | _aArtaud, Antonin |
| 600 | 1 | 4 | _aBreton, André |
| 600 | 1 | 4 | _aAragón, Louis |
| 600 | 1 | 4 | _aSoupault, Philippe |
| 600 | 1 | 4 | _aPeret, Benjamin |
| 600 | 1 | 4 | _aMichaux, Henri |
| 600 | 1 | 4 | _aPonge, Francis |
| 600 | 1 | 4 | _aPrevert, Jacques |
| 600 | 1 | 4 | _aDesnos, Robert |
| 600 | 1 | 4 | _aLimbour, Gorges |
| 600 | 1 | 4 | _aQueneau, Raymond |
| 600 | 1 | 4 | _aChar, René |
| 600 | 1 | 4 | _aDaumal, René |
| 600 | 1 | 4 | _aBonnefoy, Yves |
| 600 | 1 | 4 | _aReda, Jacques |
| 600 | 1 | 4 | _aNöel, Bernard |
| 600 | 1 | 4 | _aDeguy, Michel |
| 600 | 1 | 4 | _aRoubaud, Jacques |
| 600 | 1 | 4 | _aMace, Gerard |
| 650 | 4 | _aLITERATURA FRANCESA | |
| 650 | 4 | _aANTOLOGIAS | |
| 650 | 4 | _aPOESIA | |
| 650 | 4 | _aSIGLO VEINTE | |
| 650 | 4 | _aLITERATURA EXTRANJERA | |
| 650 | 4 | _aCULTURAS LITERARIAS | |
| 655 | _aLITERATURA | ||
| 700 | 1 |
_aSologuren, Javier _etraductor |
|
| 942 | _cBK | ||
| 998 | _cMARTIN | ||
| 999 |
_c8359 _d8359 |
||